000 00657nam a22002297a 4500
003 UA-OsUOA
001 35492
007 ta
008 20051202b un ||||| |||| 00| 0 ukr d
090 _a330(075.8)
_bЕ45
942 _cBK
040 _aUA-OsUOA
_bukr
_cUA-OsUOA
_dUA-OsUOA
245 _aЕкономічна теорія: Політекономія
_bпідручник
_cза ред. В. Д. Базилевича
300 _a615 с.
955 _a2
041 _aukr
080 _a330(075.8)
020 _a966-311-026-0
260 _aК.
_bЗнання-Прес
_c2006
650 7 _a330 Економіка взагалі
_2UDC
999 _c321854
_d321854